LEADER 00752nam a2200193 i 4500 001 000000220900 003 CaOOAMICUS 005 20130607000000.0 008 130607s1786 it u000 u ita u 013 $a199797 026 $a8.a- g.i. t.no (ano (3) 1768 (R) 040 $aSeMil$bita 245 10$aParte 2. 300 $a404 p., [1] carta di tav. :$bfront. 500 $aSegn. : A-2A8 2B10. 773 0 $aNoghera, Giovanni Battista $tRiflessioni su la natura umana e su la religione naturale. Parte 1. [-2.].$dNella stamperia di Bassano : A spese Remondini, 1768.$g2$w()28621 850 $aSeMil 852 $aSeMil$W1$xVenegono$y1$m2O I 48 FA$j171254$B171254$CSeMilBibl$Z2$F181761 $8I 996 $6245$aParte 2$9(OLS)http://semarc/title/108333 LEADER 00821nas a2200217 i 4500 001 000000144293 003 CaOOAMICUS 005 20041214000000.0 008 041214b2004 it uu u0 0ita r 013 $a119651 040 $aSeMil$bita 245 10$a[2004 :$bmaggio-giugno]. 260 $aMilano :$bNuova Editoriale Italiana,$c2004. 300 $a1 v. (varie sequenze) :$bill. ;$c53 cm + [2] allegati. 500 $aIn Allegato : Supplementi. - Contiene : Inserti. 773 0 $tAvvenire.$dMilano : [s.n.], 1968.$w()1958 850 $aSeMil 852 $aSeMil$W1$xVenegono$y1$m$j2960$B97235$CSeMilBibl$Z2$F0 $82 961 $aCambio: Scuola Cattolica 996 $6245$a[2004 :$bmaggio-giugno]$9(OLS)http://semarc/title/211053 996 $6260$aMilano :$bNuova Editoriale Italiana$9(OLS)http://semarc/publisher/30945